KOHA-Header-6

Electronic Instrumentation and Measurement (Record no. 12166)

000 -LEADER
fixed length control field 00322nam a22001337a 4500
020 ## - INTERNATIONAL STANDARD BOOK NUMBER
ISBN 978-93259-9020-3
082 ## - DEWEY DECIMAL CLASSIFICATION NUMBER
Classification number 621.38
100 ## - MAIN ENTRY--AUTHOR NAME
Personal name Rohit Khurana
245 ## - TITLE STATEMENT
Title Electronic Instrumentation and Measurement
260 ## - PUBLICATION, DISTRIBUTION, ETC. (IMPRINT)
Place of publication New Delhi
Name of publisher Vikas
Year of publication 2015
300 ## - PHYSICAL DESCRIPTION
Number of Pages 536
650 ## - SUBJECT ADDED ENTRY--TOPICAL TERM
Topical Term Electrical Engineering
942 ## - ADDED ENTRY ELEMENTS (KOHA)
Koha item type Books
Holdings
Withdrawn status Lost status Collection code Permanent Location Current Location Shelving location Date acquired Full call number Accession Number Koha item type
    CSE MAJU MAJU Shelf No.A31 2019-12-07 621.38 9471 Computer System Engineering

Powered by Koha